Zufällige deutsche Städte mit Bevölkerungsverlust #2 - Statistiken

Allgemein
  • Dieses Quiz wurde 36 mal gespielt
  • Das Durchschnittsergebnis liegt bei 6 aus 10
Antwortstatistiken
Stadt Bundesland Einwohnerzahl
(aktuell)
Einwohnerzahl
(Höchststand)
Jahr
(Höchststand)
Differenz
% Korrekt
Saarbrücken Saarland 181.959 205.987 1974 - 11.66 %
94%
Duisburg Nordrhein-Westfalen 502.211 591.635 1975 - 15,11 %
91%
Chemnitz Sachsen 248.563 361.200 1930 - 31,18 %
88%
Halle (Saale) Sachsen-Anhalt 242.083 316.776 1990 - 23.58 %
81%
Gelsenkirchen Nordrhein-Westfalen 263.000 389.268 1959 - 32,44 %
78%
Plauen Sachsen 64.763 128.014 1912 - 49,41 %
47%
Frankfurt (Oder) Brandenburg 58.230 87.863 1988 - 33,73 %
41%
Neubrandenburg Mecklenburg-Vorpommern 63.989 90.471 1988 - 29,27 %
41%
Hagen Nordrhein-Westfalen 189.783 229.224 1975 - 17,21 %
38%
Wilhelmshaven Niedersachsen 76.089 133.041 1940 - 42,81 %
31%
Keine übereinstimmenden Quizze gefunden
Verteilung der Resultate
Anzahl Personen mit jedem Resultat
Perzentil nach korrekt beantworteten Fragen
Ihre Resultats-Entwicklung
Sie haben dieses Quiz noch nicht gespielt